| 000 | 01135cam a2200253 i 4500 | ||
|---|---|---|---|
| 001 | 19951814 | ||
| 005 | 20180215031001.0 | ||
| 008 | 170823s2017 moua 001 0 eng | ||
| 010 | _a 2016499991 | ||
| 020 | _a9780323319768 | ||
| 020 | _a0323319769 | ||
| 040 |
_aDLC _beng _erda _cDLC _dDLC |
||
| 041 | _aeng | ||
| 042 | _apcc | ||
| 080 | _a610.7306 | ||
| 082 | 0 | 0 |
_a610.7306 KEL _223 |
| 100 | 1 | _a2 | |
| 101 | _aINF | ||
| 245 | 1 | 0 |
_aMosby's textbook for nursing assistants : _cRelda T. Kelly, RN, MSN, Professor Emeritus, Kankakee Community College, Kankakee, Illinois, Parish Nurse, Wesley United Methodist Church, Bradley, Ilinois ; procedure checklists by Helen Chigaros, RN, BS, MSN, CRRN, CNS, Professor Emeritus, Kankakee Community College, Director, Azzarelli Outreach Clinic, St. Teresa Roman Catholic Church, Parish Nurse, St. Teresa Roman Catholic Church, Kankakee, Illinois. |
| 246 | 1 | _aTextbook for nursing assistants | |
| 906 |
_a7 _bcbc _corigcop _d2 _encip _f20 _gy-gencatlg |
||
| 942 |
_2ddc _cBK |
||
| 999 |
_c42543 _d42543 |
||